1112 1751 1840 1110 1035 1547 1364 1362 1867 1278 1821 1753 1459 1477 1990 1447 1817 1107 1922 1999 1158 1069 1819 1813 1825 1954 1947 1155 1636 1553 1361 1728 1197 1835 1052 1074 1378 1733 1576 1881 1637 1045 1541 1990 1833 1803 1542 1373 1366 1858 1040 1629 1076 1615 1908 1052 1330 1128 1298 1048 1660 1325 1381 1943 1907 1165 1733 1366 1156 1462 1477 1608 1611 1678 1854 1040 1577 1717 1064 1705 1459 1918 1664 1001 1264 1884 1977 1548 1228 1498 1953 1597 1905 1487 1973 1940 1060 1624 1140 BCNSPRNW ULIB Ver.6.0+V

เปลี่ยนเป็นภาษาไทย

Change to English
 แสดงรายละเอียดบรรณานุกรม
  กลับหน้าหลัก

Brief Record : Get Marc (ISO 2709) : E-mail record : QR code < ปิดหน้าต่าง
LEADER : 00000nam 2200000uu 4500
001    13399124614
003     ULIB
008    151022s2557||||th 000 0 tha d
020    9789743506154
060 04 ^aWB310^bค695
245 00 ^aคู่มือผู้ให้บริการสาธารณสุข : ^bกฎหมายและแนวทางการปฏิบัติที่เกี่ยวข้องกับการดูแลผู้ป่วยระยะสุดท้าย /^c[คณะกรรมการที่ปรึกษาเพื่อส่งเสริมการใช้สิทธิและหน้าที่ด้านสุขภาพ ศูนย์กฎหมายสุขภาพและจริยศาสตร์ คณะนิติศาสตร์ มหาวิทยาลัยธรรมศาสตร์, เครือข่าย Palliative Care ในโรงเรียนแพทย์]
250    พิมพ์ครั้งที่ 3
260    ^aนนทบุรี :^bสำนักงานคณะกรรมการสุขภาพแห่งชาติ,^c2557
300    ^a54 หน้า ;^c29 ซม.
650  0 ^aTerminal care
650  0 ^aTerminal care^xLaw and legislation
650  0 ^aPalliative treatment
650  4 ^aผู้ป่วยระยะสุดท้าย^xการดูแล
650  4 ^aผู้ป่วยระยะสุดท้าย^xกฎหมายและระเบียบข้อบังคับ
650  4 ^aการรักษาเพื่อบรรเทาอาการ
650  4 ^aผู้ป่วยหนัก, การดูแล
710 2  ^aมหาวิทยาลัยธรรมศาสตร์.^bคณะนิติศาสตร์. ^bศูนย์กฎหมายสุขภาพและจริยศาสตร์.
710 2  ^aเครือข่าย Palliative Care ในโรงเรียนแพทย์
710 2  ^aสำนักงานคณะกรรมการสุขภาพแห่งชาติ
945    ^p0^l0^i000146
999    ^aเกษร โพธิ์สุวรรณ
รายการนี้ยังไม่มีแท็ก
คุณยังไม่ได้ล็อกอิน คุณสามารถมีกิจกรรมร่วมกับเว็บไซต์ได้ แต่ต้องล็อกอินก่อน ::
  ล็อกอิน

รายการสื่อสารสนเทศ

ลำดับที่ ประเภท เลขเรียก/บาร์โค้ด สถานที่ สถานะ
1. วิทยาศาสตร์การแพทย์ และสุขภาพ
หนังสือสำรอง
สถานะ=หนังสือสำรอง
WB310 ค695 ฉ.1 
  Barcode: 000146
ห้องสมุดวิทยาเขตสวรรค์ประชารักษ์
►หนังสือทั่วไป
บนชั้น

รายการใกล้เคียง
    หัวเรื่อง [Terminal care]
    หัวเรื่อง [Palliative treatment]
    หัวเรื่อง [การรักษาเพื่อบรรเทาอาการ]
    หัวเรื่อง [ผู้ป่วยหนัก, การดูแล]

BibComment


ยังไม่เคยถูกคอมเมนท์

คอมเมนท์ทรัพยากรรายการนี้
  คอมเมนท์: คู่มือผู้ให้บริก..


 Copyright 2026. Bcnsprnw @Library